000 01334nam a2200265Ia 4500
999 _c53393
_d53393
001 20436
003 GE_BSU
005 20201204223604.0
008 181216s1974||||ge |||||||||||||| ||geo||
040 _cGE_BSU
041 _ageo
080 _a811.353.1-84(075.3=161.1) ჩ-62
100 _aჩინჩალაძე, მ.
_99833
245 _aქართული ენა :
_bსახელმძღვ. საქ. სსრ რუს. სკოლის მე-9 კლასისათვის. /
_cმ.ჩინჩალაძე, ს. დვალი ;რედ.: ლ. გაჩეჩილაძე, ლ. გურეშიძე.
250 _aმე-2 გამოცემა
264 _aთბილისი :
_bგანათლება,
_c1974.
300 _a186 გვ. :
_b ილ. ;
_c21სმ.
541 _h26 თ.
653 _aსახელმძღვანელო საქარტველოს სსრ რუსული სკოლის მე-9 კლასისათვის
653 _aქართული ენა
700 _aდვალი, ს.
_eავტორი
_99834
700 _aგაჩეჩილაძე, ლ.
_eრედაქტორი
_99835
700 _aგურეშიძე, ლ.
_eრედაქტორი
_99832
942 _cBK
_2udc